El arte del vidrio en Europa (Record no. 705)

MARC details
000 -CABECERA
campo de control de longitud fija 00796nam a2200217 a 4500
001 - NÚMERO DE CONTROL
campo de control BRCA_810
005 - FECHA Y HORA DE LA ÚLTIMA TRANSACCIÓN
campo de control 20190320203147.0
008 - DATOS DE LONGITUD FIJA--INFORMACIÓN GENERAL
campo de control de longitud fija 200505s1990----sp-a---###---#000-0#spa-m
020 ## - NÚMERO INTERNACIONAL ESTÁNDAR DEL LIBRO
Número Internacional Estándar del Libro 8476300301
040 ## - FUENTE DE LA CATALOGACIÓN
Centro catalogador/agencia de origen MFM
050 #4 - SIGNATURA TOPOGRÁFICA DE LA BIBLIOTECA DEL CONGRESO
Número de clasificación NK5142
Número de documento/Ítem .D73 1982
100 1# - ENTRADA PRINCIPAL--NOMBRE DE PERSONA
Nombre de persona Drahotová, Olga
9 (RLIN) 2697
245 10 - MENCIÓN DE TÍTULO
Título El arte del vidrio en Europa
Mención de responsabilidad, etc. Olga Drahotová ; prólogo y leyendas de Marielle Ernould-Gandouet.
260 ## - PUBLICACIÓN, DISTRIBUCIÓN, ETC.
Lugar de publicación, distribución, etc. Madrid
Nombre del editor, distribuidor, etc. Libsa
Fecha de publicación, distribución, etc. 1990
300 ## - DESCRIPCIÓN FÍSICA
Extensión 232 p.
Otras características físicas il.
Dimensiones 29 cm.
500 ## - NOTA GENERAL
Nota general Incluye léxico de formas, léxico de términos técnicos, índice de ilustraciones fotográficas e índice onomástico
500 ## - NOTA GENERAL
Nota general Catálogo de las grandes colecciones y catálogo de exposiciones
650 14 - PUNTO DE ACCESO ADICIONAL DE MATERIA--TÉRMINO DE MATERIA
Término de materia o nombre geográfico como elemento de entrada Vidrio
Subdivisión general Historia
Subdivisión geográfica Europa
9 (RLIN) 2698
700 1# - PUNTO DE ACCESO ADICIONAL--NOMBRE DE PERSONA
Nombre de persona Ernould-Gandouet, Marielle
9 (RLIN) 2699
942 ## - ELEMENTOS DE PUNTO DE ACCESO ADICIONAL (KOHA)
Fuente del sistema de clasificación o colocación Library of Congress Classification
Tipo de ítem Koha Libros
Holdings
Estado de retiro Estado de pérdida Estado dañado No para préstamo Localización permanente Ubicación/localización actual Fecha de adquisición Total de préstamos Signatura topográfica completa Código de barras Fecha visto por última vez Precio válido a partir de Tipo de ítem Koha
El ejemplar forma parte de la colección y puede ser consultado según las políticas vigentes.       Biblioteca del Museo Franz Mayer (Rogerio Casas-Alatriste) Biblioteca del Museo Franz Mayer (Rogerio Casas-Alatriste) 26/06/2008   NK5142 .D73 1982 01283 22/03/2019 22/03/2019 Libros